Statistics for Word Puzzle - Cities

Click here to take the quiz!

General Stats

  • This quiz has been taken 1,029 times
  • The average score is 9 of 15

Answer Stats

HintAnswer% Correct
Haul a car + Used to unlock a door + Spanish word for "I"Tokyo
84%
Manager + 2000 poundsBoston
77%
Opposite of ceiling + Clean soap from dishesFlorence
77%
Hades + Submerge under water + Used to unlock a doorHelsinki
73%
Nicholson of The Shining + Used to transport groceries while shopping + Letter before BJakarta
71%
Automobile + Stone + DonkeyCaracas
70%
Opposite of woman + Spanish for waterManagua
66%
Present tense of done + Opposite of HiDubai
63%
Solo from Star Wars + Opposite of yes + skip to my ___ + skip to my ___Honolulu
60%
Raw iron found in nature + What the Tower of Pisa doesOrleans
60%
Lemon from 30 Rock + Bread for your hamburgerLisbon
58%
Angry + Do away withMadrid
55%
Holy person in Spanish+ High time in England + Villain from OthelloSantiago
31%
Greek letter after Phi + Greek letter after PiCairo
28%
Charge for a service + Cancel an item from an orderPhoenix
15%

Score Distribution

Percentile by Number Answered

Percent of People with Each Score

Your Score History

You have not taken this quiz